000
00278nam a2200109Ia 4500
008
190216s9999||||xx |||||||||||||| ||und||
100
_a
Vishwanath Iyer M E
245
0
_a
Hindi-Vyaparik Aur Prashasnik Pathr Vyavahar
260
_b
Nbs Kottayam
650
_a
Commerce
942
_c
BK
999
_c
25456
_d
25456